000 00499nam a2200169Ia 4500
999 _c21700
_d21700
003 OSt
005 20200612123010.0
008 190216s9999||||xx |||||||||||||| ||und||
020 _a9788130903187
040 _coclc
082 _a181.4
_bCHA/K
100 _aChatterjea, Tara
_92837
245 0 _aKnowledge And Freedom In Indian Philosophy /
_c Tara Chatterjea
260 _bViva Books,
_c2009.
_aNew Delhi:
300 _a159p
942 _cBK
_2ddc
_h181.4
_iCHA/K
_k181.4
_mCHA/K